Première subdivision la plus grande de chaque pays d'europe - Statistiques

Statistiques générales
  • Ce quiz a été pris 24 fois
    5 depuis la dernière actualisation
  • Le résultat moyen est 13 sur 38
Statistiques - réponses
Pays Type de quiz 1re Subdivision % Correct
France Région Nouvelle Aquitaine
100%
Royaume-Uni Nation Angleterre
75%
Espagne Communauté Autonome Castille et Léon
75%
Allemagne Länder Rhénanie du Nord Westphalie
75%
Autriche Länder Basse Autriche
50%
Suisse Canton Canton des {Grisons}
50%
Finlande Région Laponie
50%
Irlande Province Munster
50%
Bulgarie Oblast Oblast de {Bourgas}
50%
Ukraine Oblast Oblast d'{Odessa}
50%
Grèce Périphérie Péloponnèse
50%
Italie Région Sicile
50%
Moldavie Région séparatiste Transnistrie
50%
Bielorussie Voblast Voblast de {Homiel}
50%
Belgique Région Wallonie
50%
Tchéquie Région Bohême Centrale
25%
Suède Comté Comté de {Norrbotten}
25%
Estonie Comté Comté de {Pärnu}
25%
Kosovo District District de {Pristina}
25%
Bosnie-Herzégovine République Fédération de Bosnie-Herzégovine
25%
Pays-Bas Province Frise
25%
Danemark Nation Groenland
25%
Lituanie Région Haute Lituanie
25%
Roumanie Județ Județ de {Timiş}
25%
Lettonie Rajon Rajon de {Riga}
25%
Slovaquie Région Région de Banská {Bystrica}
25%
Russie République République de {Sakha}
25%
Islande Région Suðurland
25%
Pologne Voivodine Voivodine de {Mazovie}
25%
Serbie District Zlatibor
25%
Portugal Région Alentejo
0%
Hongrie Comitat Comitat {Bács-Kiskun}
0%
Croatie Comitat Comitat de {Lika-Senj}
0%
Slovénie Commune Kočevje
0%
Albanie Préfecture Korçë
0%
Monténégro Municipalité Nikšić
0%
Macédoine du Nord Région Pélagonie
0%
Norvège Région Svalbard et Jan Mayen
0%
Aucun quiz correspondant
Distribution des résultats
% des personnes avec chaque résultat
Percentile par nombre de réponses
Votre historique - résultats
Vous n’avez pas pris ce quiz depuis la dernière actualisation